000 00843nam a2200217Ii 4500
003 JO-AjNU
008 230605s9999||||xx |||||||||||||| ||und||
017 _a1995/223
040 _aJO-AjNU
_bara
_erda
_cJO-AjNU
041 _aara
050 1 4 _aJC348.A22.1995
100 3 _aفهمي ،عبدالقادر محمد,
_eauthor
_910026
245 0 0 _aالنظام السياسي الدولي : دراسة في الاصول النظرية والخصائص المعاصرة
250 _a(د،ط)
264 3 1 _aالعراق : دار الشؤون الثقافية العامة ،1995
300 _a98ص
336 _atext
_btxt
_2rdacontent
337 _aunmediated
_bn
_2rdamedia
338 _avolume
_bnc
_2rdacarrier
650 4 _aالسياسة الدولية -- دراسات -- السياسة الدولية -- فلسفة ونظريات
_910027
999 _aA1599
_c5167
_d5167